01161nam a2200277 i 4500001000700000003000900007005001700016008004100033040002000074100004400094245014700138246003600285250003800321260004800359300002600407595006500433596002400498597003800522597002100560597001100581597002400592650006100616852006200677999001900739952012500758164549ES-MaACL20250929063242.0981029s1726 it |||| | lat d aCAM bspa cCAM1 aSánchez, Tomás, d1550-1610913305010aR.P. Thomae Sanchez ... é Societate Jesu, de sancto matrimonii sacramento disputationum tomus primus b: complectitur hic tomus libros VI...3 aDe sancto matrimonii sacramento aPosterior et accuratior editio... aVenetiis : bApud Nicolaum Pezzana, c1726. a[80], 380 p. ; cFol. aDatos de ed. preceden a la explicación de contenido del t. aMarca tip. en port. aSign.: a4, b-d8, e-f6, A-Z8, 2A6. aTexto a dos col. aAntep. aPort. a dos tintas. 4aMatrimonio-xAspectos religiosos-xCristianismo.9162990 aES-MaACLjR-1558-59 z- Enc. piel x- Olim: G-1939-40 c164549d164549 001040708LIBXVIIIaATENEOMbATENEOMcDEPOd2008-01-17l0oR-1558-59p1172486r2023-02-23 00:00:00w2023-02-23yMONANT